000 00699nam a2200265Ia 4500
005 20260121165849.0
008 008 260114s9999 xx 000 0 eng d
020 _a9783319312668
037 _aEBOOK
040 _aCRL
040 _beng
040 _cCRL
041 _2eng
041 _aeng
084 _qCRL
100 _aJoachim Kunert, Christine H. Müller, Anthony C. Atkinson
_91056958
245 0 _amODa 11 - Advances in Model-Oriented Design and Analysis
260 _bSpringer
260 _bSpringer
260 _c2016
856 _uhttps://link.springer.com/openurl?genre=book&isbn=978-3-319-31266-8
942 _cEBOOK
999 _c1622686
_d1622686